000 00361 a2200133 4500
005 20250628081244.0
020 _a1-4051-1658-7
082 _a302.3 CHI
100 _aCHILD, J
245 _aOrganization: Contemporary Principles and Practice
260 _aOxford
_bBlackwell Publishing
_c2005.
300 _axi, 424p.: ill.; figures
_bIndex
_c27cm
942 _2ddc
_cBKS
999 _c5873
_d5873